| 000 | 00000nas##2200000za#4500 |
| 001 | 9.506811 |
| 003 | CaOODSP |
| 005 | 20200325103602 |
| 007 | cr ||||||||||| |
| 008 | 150406c2002||||xxc|| m o||||f| |0eng|d |
| 040 | |aCaOODSP|beng |
| 043 | |an-cn--- |
| 086 | 1 |aH13-6E-PDF |
| 110 | 1 |aCanada. |bHealth Canada. |
| 245 | 10|aSynthesis series / |h[electronic resource]|c[issued by] the Health Transition Fund Secretariat. |
| 246 | 3 |aSynthesis series (Health Transition Fund (Canada)) |
| 260 | |aOttawa - Ontario : |bHealth Canada |c2002. |
| 500 | |aAt head of title: "Sharing the learning: the Health Transition Fund". |
| 775 | 08|tSérie de rapports de synthèse / |w(CaOODSP)9.503206 |
| 776 | 0#|tSynthesis series / |w(CaOODSP)9.509388 |
| 776 | 0#|tSérie de rapports de synthèse / |w(CaOODSP)9.509389 |